000 00325 a2200109 4500
001 ART_2093
005 20260410161722.0
008 260409a
245 1 0 _aEl efecto palanca o leverage
100 1 _aRey, Ernesto Raúl
773 0 _tAdministración de empresas
_g- Año XVII, Nº 203 (feb. 1987)
_wREV2036
999 _c17100
_d17100